000 00380 a2200109 4500
001 ART_4726
005 20260410161824.0
008 260409a
245 1 0 _aPrograma de cualificación técnica e industrial e la empresa
100 1 _aGarcía Santesmases, Pilar
773 0 _tRevista de trabajo
_gFormación profesional - Año 1, Nº 1 (mar./abr. 1994)
_wREV4713
999 _c22609
_d22609